| 000 | 01210nam a2200253 4500 | ||
|---|---|---|---|
| 003 | CO-ViMGA | ||
| 020 | _a9789583056932 | ||
| 040 |
_aCO-ViMGA _bspa _cCO-ViMGA |
||
| 090 | _a C CARs | ||
| 100 | 1 |
_aCarvalho, Adélia, 1969- _92264 |
|
| 245 | 1 | 0 |
_aSecretos / _cAdélia Carvalho ; ilustraciones Cátia Vidinhas ; traducción Estefanía Santos Betancur |
| 260 |
_a Bogotá : _bPanamericana, _c2018. |
||
| 300 |
_a23 páginas : _b ilustraciones en color ; 23 cm |
||
| 490 | _a 0A infantil | ||
| 500 | _a Incluye datos biográficos de la autora e ilustradora | ||
| 500 | _a Recomendado para niños de 6 a 9 años | ||
| 520 | _a"Los secretos son algo muy difícil de guardar, llega un momento en que es imposible no contarlos. El niño de esta historia se enamoró y, sin que lo esperara, aquel secreto que un día le confió a alguien, ahora lo sabe la niña que le gusta." -- en www.panamericana.com.co | ||
| 534 | _tSegredos | ||
| 650 | 1 | 4 |
_a Cuentos infantiles portugueses _ySiglo xx _92265 |
| 650 | 1 | 4 |
_aLiteratura infantil portuguesa _92266 |
| 700 | 1 |
_a Vidinhas, Cátia, 1989- ilustradora _92267 |
|
| 700 | 1 |
_aSantos Betancur, Estefanía traductora _92268 |
|
| 942 |
_2ddc _cBK |
||
| 999 |
_c37172 _d37172 |
||